000 00653nam a2200193Ia 4500
003 GCL
008 140319s9999 xx 000 0 ara d
040 _aGCL /
_cGCL
082 0 4 _a915.96
_bر ا
100 1 _aراتب الزيات
245 1 0 _aاندونيسيا /
_cراتب الزيات
300 _aمتعدد
490 _aسلسلة عالم المدن حول بلدان العالم
_v0
650 0 4 _aاندونيسيا - وصف ورحلات
650 0 4 _aالهند - وصف ورحلات
650 0 4 _aجنوب شرق اسيا - وصف ورحلات
650 0 4 _aجزر الهند الغربية - وصف ورحلات
942 _2ddc
_cBK
999 _c51874
_d51874